[Event "Graz op A"]
[Site "Graz"]
[Date "2001.09.02"]
[Round "2.4"]
[White "Nickl, Klaus"]
[Black "Pavasovic, Dusko"]
[Result "0-1"]
[WhiteElo "2233"]
[BlackElo "2539"]
[PlyCount "118"]


1. d4 Nf6 2. Nf3 c5 3. c3 b6 4. Bf4 Bb7 5. e3 e6 6. Nbd2 Be7 7. h3 O-O 8. Be2
Nc6 9. O-O d5 10. Ne5 Nxe5 11. Bxe5 Bd6 12. f4 a5 13. Bb5 Qe7 14. Rf2 Ne8 15.
Qa4 f6 16. Bxd6 Nxd6 17. Bc6 c4 18. Bxb7 Qxb7 19. Qc2 b5 20. Re1 f5 21. g4 b4
22. gxf5 exf5 23. Nf3 a4 24. Rg2 Ne4 25. Ng5 b3 26. Qb1 bxa2 27. Qxa2 Nxg5 28.
Rxg5 Qb3 29. Qxb3 axb3 30. Kf2 Ra2 31. Rb1 Rf6 32. Rgg1 Rh6 33. Rg3 Kf7 34. Kf3
Rg6 35. Rxg6 Kxg6 36. Rg1+ Kh6 37. Rg2 Ra1 38. Kg3 Rf1 39. Re2 Kh5 40. Rg2 g6
41. Re2 Rc1 42. Rg2 Rc2 43. Rh2 h6 44. Rg2 g5 45. fxg5 hxg5 46. Rf2 Kg6 47. Rg2
{ } 47... g4 48. hxg4 fxg4 49. Rg1 Kf5 50. Rh1 Rxb2 51. Rh5+ Ke4 52. Re5+ Kd3
53. Rxd5 Re2 54. Kxg4 Rxe3 55. Rb5 Kxc3 56. d5 Rd3 57. Kf5 b2 58. Ke6 Rd1 59.
d6 b1=Q 0-1

[Event "Graz op A"]
[Site "Graz"]
[Date "2001.09.02"]
[Round "2.5"]
[White "Zelcic, Robert"]
[Black "Pesorda, Ivan"]
[Result "1-0"]
[WhiteElo "2534"]
[BlackElo "2248"]
[PlyCount "85"]


1. e4 c5 2. Nf3 e6 3. d4 cxd4 4. Nxd4 Nf6 5. Nc3 d6 6. Be2 Nc6 7. O-O Be7 8.
Kh1 O-O 9. f4 a6 10. a4 Qc7 11. Be3 Nxd4 12. Qxd4 e5 13. Qd2 exf4 14. Bxf4 Be6
15. Rfd1 Rfd8 16. a5 Ng4 17. Bxg4 Bxg4 18. Nd5 Qd7 19. Re1 Rab8 20. h3 Be6 21.
Nxe7+ Qxe7 22. Rad1 Rbc8 23. Bxd6 Qd7 24. Qg5 f6 25. Qg3 Qb5 26. e5 f5 27. Qg5
Rd7 28. b4 Rxc2 29. Rc1 Rc6 30. Kh2 Qd3 31. Rcd1 Qc2 32. Rf1 Qe2 33. Rde1 Qa2
34. Ra1 Qe2 35. Rae1 Qa2 36. Rc1 Qe2 37. Rxc6 bxc6 { } 38. Rxf5 38... Bxf5 39.
Qxf5 Rd8 40. e6 Qd2 41. Qf7+ Kh8 42. Be5 Qg5 43. Bd4 1-0

[Event "Graz op A"]
[Site "Graz"]
[Date "2001.09.02"]
[Round "2.6"]
[White "Aschenbrenner, Robert"]
[Black "Stanec, Nikolaus"]
[Result "1/2-1/2"]
[WhiteElo "2221"]
[BlackElo "2530"]
[PlyCount "28"]


1. e4 c5 2. c3 Nf6 3. e5 Nd5 4. d4 cxd4 5. Nf3 e6 6. cxd4 d6 7. Nc3 dxe5 8.
Nxe5 Nxc3 9. bxc3 Bd6 10. Nc4 Be7 11. Bd3 Nc6 12. O-O O-O 13. Re1 Bd7 14. Bf4
14... b5 { } 1/2-1/2

[Event "Graz op A"]
[Site "Graz"]
[Date "2001.09.02"]
[Round "2.7"]
[White "Galdunts, Sergey"]
[Black "Karner, Christoph"]
[Result "1-0"]
[WhiteElo "2514"]
[BlackElo "2240"]
[PlyCount "97"]


1. e4 c5 2. Nf3 d6 3. Bc4 e6 4. c3 Nf6 5. d3 Nc6 6. Bb3 Be7 7. O-O O-O 8. Re1
e5 9. Nbd2 b6 10. Nf1 Be6 11. Ng3 Qd7 12. Ba4 Qb7 13. Ng5 Bg4 14. f3 Bd7 15. f4
Bg4 16. Nf3 exf4 17. Bxf4 Nh5 18. Nxh5 Bxh5 19. d4 Rad8 20. Qd3 Bxf3 21. gxf3
Bf6 22. d5 Ne5 23. Qf1 g5 24. Be3 Kh8 25. Kh1 Rg8 26. Bb5 Qe7 27. Re2 Rg6 28.
Rg2 Rdg8 29. Be2 R6g7 30. Qf2 Ng6 31. Rag1 Nh4 32. Rg4 h5 33. R4g3 g4 34. fxg4
34... Qxe4+ { } 35. Bf3 Nxf3 36. Qxf3 Qxf3+ 37. Rxf3 Be5 38. Rh3 Rh7 39. gxh5
Rxg1+ 40. Kxg1 f5 41. Kf2 Kg7 42. Bg5 b5 43. b3 Kf7 44. c4 b4 45. Kf3 Rg7 46.
Bf4 Rh7 47. h6 Ke7 48. Rg3 Rh8 49. Rg6 1-0

[Event "Graz op A"]
[Site "Graz"]
[Date "2001.09.02"]
[Round "2.8"]
[White "Hoellrigl, Wilfried"]
[Black "Farago, Ivan"]
[Result "0-1"]
[WhiteElo "2196"]
[BlackElo "2504"]
[PlyCount "88"]


1. e4 e6 2. d4 d5 3. e5 c5 4. c3 Nc6 5. Nf3 Bd7 6. Be2 Nge7 7. Na3 cxd4 8. cxd4
Nf5 9. Nc2 Nb4 10. Ne3 Rc8 11. O-O Nxe3 12. Bxe3 Be7 13. a3 Nc2 14. Rc1 Nxe3
15. Rxc8 Nxd1 16. Rxd8+ Bxd8 17. Rxd1 Bb6 18. Bd3 Ke7 19. Rc1 h6 20. Kf1 f5 21.
Ke2 g5 22. h3 Rf8 23. Ke3 Kd8 24. g4 Be8 25. gxf5 exf5 26. Be2 Bg6 27. Rg1 Ke7
28. Bd3 Ke6 29. Be2 Rc8 30. Kd2 f4 31. Nh4 Rc2+ 32. Kd1 { } 32... Be4 33. Bg4+
Ke7 34. Nf5+ Bxf5 35. Bxf5 Rxf2 36. h4 Bxd4 37. hxg5 hxg5 38. Rxg5 Bxe5 39. Bc8
Kd6 40. b3 Rb2 41. b4 b6 42. Bb7 f3 43. Ke1 Bc3+ 44. Kf1 Kc7 0-1

[Event "Graz op A"]
[Site "Graz"]
[Date "2001.09.02"]
[Round "2.9"]
[White "Teske, Henrik"]
[Black "Wegerer, Fred"]
[Result "1/2-1/2"]
[WhiteElo "2486"]
[BlackElo "2230"]
[PlyCount "83"]


1. d4 Nf6 2. c4 e6 3. Nf3 d5 4. Nc3 Nbd7 5. cxd5 exd5 6. Bg5 Bb4 7. Rc1 c6 8.
a3 Bxc3+ 9. Rxc3 O-O 10. e3 Qe8 11. Nd2 Ne4 12. Nxe4 Qxe4 13. f3 Qg6 14. Bf4
Re8 15. Qc2 Qf6 16. Kf2 Nf8 17. Bd3 Qh4+ 18. Bg3 Qh6 19. Re1 Ne6 20. b4 a6 21.
a4 Bd7 22. b5 axb5 23. axb5 { } 23... Nxd4 24. exd4 Rxe1 25. Bxh7+ Qxh7 26.
bxc6 Bf5 27. cxb7 Rae8 28. Qd2 Rb1 29. Qe3 Rb2+ 30. Kf1 Rb1+ 31. Kf2 Rb2+ 32.
Kg1 Bd7 33. Rc8 Qb1+ 34. Be1 Rxc8 35. bxc8=Q+ Bxc8 36. h4 Be6 37. Kh2 Qc2 38.
Qg5 f6 39. Qg3 Qe2 40. Qg6 Qxe1 41. Qe8+ Kh7 42. Qh5+ 1/2-1/2

[Event "Graz op A"]
[Site "Graz"]
[Date "2001.09.02"]
[Round "2.10"]
[White "Bachmayer, Josef"]
[Black "Polak, Tomas"]
[Result "0-1"]
[WhiteElo "2170"]
[BlackElo "2481"]
[PlyCount "72"]


1. d4 Nf6 2. Nc3 d5 3. Bg5 Nbd7 4. Nf3 h6 5. Bh4 e6 6. e3 Be7 7. Bd3 O-O 8. O-O
c5 9. Re1 a6 10. Ne5 Nxe5 11. dxe5 Nd7 12. Bxe7 Qxe7 13. f4 b5 14. Qg4 b4 15.
Nb1 c4 16. Bf1 f6 17. exf6 Qxf6 18. Nd2 Nc5 19. b3 e5 20. Qh5 { } 20... c3 21.
Nf3 Qf5 22. Qxf5 Bxf5 23. Nxe5 Bxc2 24. Nc6 a5 25. Ne7+ Kh7 26. Nxd5 Rfd8 27.
Nb6 Ra7 28. Rac1 Be4 29. Red1 Rxd1 30. Rxd1 Rb7 31. Nc4 a4 32. bxa4 b3 33. axb3
c2 34. Re1 Nxb3 35. Nd6 Rd7 36. Bc4 Na5 0-1

[Event "Graz op A"]
[Site "Graz"]
[Date "2001.09.02"]
[Round "2.11"]
[White "Konopka, Michal"]
[Black "Krebs, Johann"]
[Result "1-0"]
[WhiteElo "2479"]
[BlackElo "2208"]
[PlyCount "53"]


1. Nf3 c5 2. c4 g6 3. g3 Bg7 4. Bg2 Nc6 5. O-O Nf6 6. d4 cxd4 7. Nxd4 Nxd4 8.
Qxd4 d6 9. Nc3 O-O 10. Qd3 Nd7 11. b3 Nc5 12. Qd2 a5 13. Ba3 Be6 14. Rac1 Qb6
15. Qe3 Rfc8 16. Bd5 Bh3 17. Rfd1 Qc7 18. Bxc5 dxc5 19. Nb5 Qb6 20. Qxe7 Rf8
21. Nd6 h6 22. Bxf7+ Kh7 { } 23. Bxg6+ 23... Kxg6 24. Qe4+ Rf5 25. Rd5 Raf8 26.
Nxf5 Rxf5 27. g4 1-0

[Event "Graz op A"]
[Site "Graz"]
[Date "2001.09.02"]
[Round "2.12"]
[White "Spirk, Stefan"]
[Black "Rogulj, Branko"]
[Result "0-1"]
[WhiteElo "2080"]
[BlackElo "2460"]
[PlyCount "46"]


1. c4 Nf6 2. Nf3 c6 3. g3 d5 4. Bg2 g6 5. b4 Bg7 6. Bb2 Qb6 7. Qb3 dxc4 8. Qxc4
Na6 9. Bc3 Be6 10. Qh4 Rd8 11. O-O h6 12. Na3 g5 13. Nxg5 hxg5 14. Qxg5 { }
14... Kf8 15. Nc2 Nc7 16. Qc5 Nb5 17. Qxb6 axb6 18. Rfd1 Bc4 19. a4 Nxc3 20.
dxc3 Rxd1+ 21. Rxd1 e6 22. b5 Nd5 23. bxc6 bxc6 0-1

[Event "Graz op A"]
[Site "Graz"]
[Date "2001.09.02"]
[Round "2.13"]
[White "Krivoshey, Sergei"]
[Black "Thieme, Steffen"]
[Result "1-0"]
[WhiteElo "2449"]
[BlackElo "2165"]
[PlyCount "31"]


1. Nf3 Nf6 2. c4 e6 3. Nc3 b6 4. g3 Bb7 5. Bg2 Bb4 6. Qc2 O-O 7. a3 Be7 8. d4
Nc6 9. e4 d5 10. cxd5 exd5 11. e5 Ne4 12. O-O f5 13. exf6 Nxf6 14. b4 Rc8 15.
Be3 15... Nb8 { } 16. Ng5 1-0

[Event "Graz op A"]
[Site "Graz"]
[Date "2001.09.02"]
[Round "2.18"]
[White "Bozinovic, Boban"]
[Black "Wittmann, Walter"]
[Result "0-1"]
[WhiteElo "2099"]
[BlackElo "2352"]
[PlyCount "60"]


1. e4 c5 2. Nf3 d6 3. d4 cxd4 4. Nxd4 Nf6 5. Nc3 Nc6 6. Bc4 e6 7. Be3 Be7 8.
Qe2 O-O 9. O-O-O a6 10. Nxc6 bxc6 11. e5 Nd5 12. exd6 Nxc3 13. bxc3 Bxd6 14.
Kb1 Qe7 15. Bb3 a5 16. a4 Be5 17. Qh5 Qf6 18. Bg5 Qf5 19. g4 Qf3 20. Bd2 Bxc3
21. Bxc3 Qxc3 22. Rd3 Qf6 23. g5 Qf5 24. Rhd1 Ba6 25. Rd7 Rab8 26. Ka1 Bc4 27.
Kb2 Qe5+ 28. Ka2 Qc3 29. R7d3 { } 29... Qxc2+ 30. Ka1 Rxb3 0-1

[Event "Graz op A"]
[Site "Graz"]
[Date "2001.09.02"]
[Round "2.19"]
[White "Niklasch, Oliver"]
[Black "Hansen, Kay"]
[Result "1-0"]
[WhiteElo "2349"]
[BlackElo "2236"]
[PlyCount "71"]


1. d4 d5 2. c4 c6 3. Nc3 Nf6 4. Nf3 dxc4 5. a4 Bf5 6. Nh4 e6 7. Nxf5 exf5 8. e3
Bd6 9. Bxc4 O-O 10. h3 Ne4 11. O-O Nd7 12. Qf3 Nxc3 13. bxc3 Qa5 14. Bd2 Rab8
15. Rfb1 Rfe8 16. g4 Nb6 17. Bd3 fxg4 18. hxg4 Qg5 19. Qh3 Re6 20. Qxh7+ Kf8
21. Qh5 Qxh5 22. gxh5 Rh6 23. Be2 Nd5 24. Bf3 g5 25. hxg6 Rxg6+ 26. Kf1 b6 27.
c4 Ne7 28. a5 b5 29. cxb5 cxb5 30. a6 Rb6 31. Bb7 b4 32. e4 Nc6 33. Be3 Nd8 34.
d5 Rb5 35. Bc8 35... Bc5 { } 36. Bd7 1-0

[Event "Graz op A"]
[Site "Graz"]
[Date "2001.09.02"]
[Round "2.21"]
[White "Stuhlik, Marko"]
[Black "Rodriguez, Jean-Pierre"]
[Result "1-0"]
[WhiteElo "2246"]
[BlackElo "2055"]
[PlyCount "83"]


1. Nf3 d5 2. g3 Nd7 3. d4 e6 4. Bg2 Bd6 5. Nc3 c6 6. e4 Bb4 7. O-O Ne7 8. a3
Bd6 9. Ng5 Ng6 10. h4 Be7 11. Re1 O-O 12. Nh3 f5 13. exd5 exd5 { } 14. Nxd5
14... cxd5 15. Bxd5+ Kh8 16. h5 Nf6 17. Bg2 Nxh5 18. Qxh5 Qxd4 19. c3 Qb6 20.
Qe2 Bf6 21. Be3 Qc7 22. Nf4 Bd7 23. Nd5 Qc8 24. Qc2 Be5 25. f4 Bd6 26. b4 Bc6
27. c4 Qd7 28. b5 Bxd5 29. Bxd5 Ne7 30. Bf3 Rfc8 31. Qe2 Qe6 32. Bxb7 Rab8 33.
Bxc8 Rxc8 34. c5 Bc7 35. Bf2 Qxe2 36. Rxe2 Nd5 37. Rae1 Nf6 38. b6 axb6 39.
cxb6 Bd6 40. b7 Rb8 41. Rb1 Bxa3 42. Ba7 1-0

[Event "Graz op A"]
[Site "Graz"]
[Date "2001.09.02"]
[Round "2.22"]
[White "Schrey, Stefan"]
[Black "Zimmermann, Paul"]
[Result "0-1"]
[WhiteElo "2096"]
[BlackElo "2241"]
[PlyCount "102"]


1. Nf3 d5 2. d4 e6 3. c4 Nf6 4. Bg5 c6 5. e3 Nbd7 6. Nc3 Qa5 7. Qc2 Bb4 8. Nd2
Ne4 9. Ndxe4 dxe4 10. Bh4 O-O 11. Be2 e5 12. O-O exd4 13. exd4 Bxc3 14. bxc3
Re8 15. Rad1 Nb6 16. f3 Bf5 17. fxe4 Bxe4 18. Qd2 Bg6 19. Kh1 Re4 20. Bg3 Rae8
21. Bd3 Re3 22. Rfe1 Qg5 23. Rxe3 Qxe3 24. Re1 Qxe1+ 25. Bxe1 Bxd3 26. Bg3 Bxc4
27. h4 Bd5 28. h5 Nc4 29. Qf4 h6 30. Bf2 b5 31. Kg1 a5 32. g4 f6 33. Kf1 a4 34.
Bg1 Re4 35. Qf5 { } 35... Be6 36. Qc5 Bd5 37. Bh2 Ne3+ 38. Kf2 Nxg4+ 39. Kg3
Nxh2 40. Kxh2 Re2+ 41. Kh3 Rxa2 42. Qe7 Kh7 43. Qd7 Rf2 44. Qg4 Rf3+ 45. Kh4
Rxc3 46. Qf5+ Kh8 47. Kg4 a3 48. Qc8+ Bg8 49. Qa8 a2 50. d5 Rc4+ 51. Kf5 Ra4
0-1

[Event "Graz op A"]
[Site "Graz"]
[Date "2001.09.02"]
[Round "2.23"]
[White "Schein, Karl-Heinz"]
[Black "Kainz, Josef"]
[Result "1-0"]
[WhiteElo "2240"]
[BlackElo "2044"]
[PlyCount "95"]


1. e4 c5 2. Nf3 Nc6 3. d3 e5 4. g3 Nf6 5. Bg2 d5 6. Nbd2 Be7 7. O-O O-O 8. Qe2
Bg4 9. c3 d4 10. h3 Bh5 11. g4 Bg6 12. c4 Ne8 13. Re1 h5 14. Nf1 hxg4 15. hxg4
Nf6 16. Nh4 Bh7 17. Nf5 Qd7 18. N1g3 g6 19. Nxe7+ Nxe7 20. Bf3 Ne8 21. Kg2
21... f5 { } 22. exf5 gxf5 23. Qxe5 fxg4 24. Qg5+ Ng6 25. Bxg4 Qc6+ 26. Kg1 Ng7
27. Bd2 Rf7 28. Re2 Raf8 29. Rae1 Nf4 30. Bxf4 Rxf4 31. Nh5 Qg6 32. Qxg6 Bxg6
33. Nxf4 Rxf4 34. Re4 Bxe4 35. Rxe4 Rxe4 36. dxe4 Kf7 37. Kg2 Kf6 38. f4 b6 39.
Kf3 a5 40. e5+ Ke7 41. f5 Kf7 42. Ke4 Ne8 43. Kd5 Ng7 44. f6 Ne8 45. Bh5+ Kf8
46. Bg6 Nc7+ 47. Kd6 Ne8+ 48. Kc6 1-0

[Event "Graz op A"]
[Site "Graz"]
[Date "2001.09.02"]
[Round "2.24"]
[White "Spiesberger, Gerhard"]
[Black "Zoister, Stefan"]
[Result "1/2-1/2"]
[WhiteElo "2042"]
[BlackElo "2147"]
[PlyCount "25"]


1. d4 Nf6 2. Nc3 d5 3. Bg5 Bf5 4. e3 e6 5. Bd3 Bb4 6. Bxf5 exf5 7. Qd3 Qd7 8.
Bxf6 gxf6 9. Nge2 Nc6 10. O-O-O O-O-O 11. Nf4 Ne7 12. b3 Bxc3 13. Qxc3 { }
1/2-1/2

[Event "Graz op A"]
[Site "Graz"]
[Date "2001.09.02"]
[Round "2.27"]
[White "Wagner, Stephan"]
[Black "Perhinig, Robert"]
[Result "1/2-1/2"]
[WhiteElo "2100"]
[BlackElo "2191"]
[PlyCount "43"]


1. c4 c6 2. e4 d5 3. cxd5 cxd5 4. exd5 Qxd5 5. Nc3 Qa5 6. d4 Nf6 7. Bc4 e6 8.
Nge2 Be7 9. O-O O-O 10. a3 a6 11. b4 Qc7 12. Ba2 Bd7 13. Bg5 Bc6 14. Qd3 Nbd7
15. Rac1 Rfd8 16. Rfd1 Nf8 17. Bxf6 Bxf6 18. d5 Qe5 19. Qf3 exd5 20. Bxd5 Rd6
21. Bxc6 Rxc6 22. Ne4 1/2-1/2

[Event "Graz op A"]
[Site "Graz"]
[Date "2001.09.02"]
[Round "2.28"]
[White "Wieser, Andreas"]
[Black "Peisser, Manfred"]
[Result "1/2-1/2"]
[WhiteElo "2156"]
[BlackElo "2113"]
[PlyCount "45"]


1. e4 c5 2. Nf3 e6 3. d4 cxd4 4. Nxd4 a6 5. g3 Qc7 6. Bg2 Nc6 7. Be3 Nf6 8. O-O
Be7 9. Nxc6 bxc6 10. c4 Bb7 11. Nc3 O-O 12. Qb3 d6 13. f4 Nd7 14. Rad1 Rab8 15.
Qa4 Bc8 16. Rd2 Rd8 17. Rfd1 Bb7 18. h3 Bc8 19. Kh2 Bb7 20. a3 a5 21. Rc1 Rdc8
22. Qd1 Qd8 23. Rdc2 1/2-1/2

[Event "Graz op A"]
[Site "Graz"]
[Date "2001.09.02"]
[Round "2.29"]
[White "Valent, Peter"]
[Black "Holzbauer, Johann"]
[Result "0-1"]
[WhiteElo "2058"]
[BlackElo "2152"]
[PlyCount "32"]


1. d4 Nf6 2. Bf4 d5 3. c4 e6 4. e3 Bb4+ 5. Nc3 O-O 6. a3 Bxc3+ 7. bxc3 c5 8.
Bd3 Qa5 9. Ne2 b6 10. O-O Ba6 11. cxd5 exd5 12. Bg5 Ne4 13. Bxe4 dxe4 14. Re1
Bxe2 15. Qxe2 cxd4 16. cxd4 Qxg5 0-1

[Event "Graz op A"]
[Site "Graz"]
[Date "2001.09.02"]
[Round "2.30"]
[White "Neubauer, Anton"]
[Black "Teuschler, Hugo"]
[Result "1/2-1/2"]
[WhiteElo "2145"]
[BlackElo "2105"]
[PlyCount "40"]


1. c4 c5 2. Nf3 Nc6 3. g3 g6 4. Bg2 Bg7 5. O-O Nf6 6. Nc3 O-O 7. e3 d6 8. a3
Bg4 9. h3 Bxf3 10. Bxf3 { } 10... Ne5 11. Bg2 Nxc4 12. d3 Na5 13. b4 cxb4 14.
axb4 Nc6 15. b5 Ne5 16. Bxb7 Rb8 17. Bg2 Ne8 18. d4 Nc4 19. Rxa7 e6 20. Qa4 d5
1/2-1/2

[Event "Graz op A"]
[Site "Graz"]
[Date "2001.09.02"]
[Round "2.31"]
[White "Havlicek, Josef"]
[Black "Huber, Adolf"]
[Result "1-0"]
[WhiteElo "2140"]
[BlackElo "2050"]
[PlyCount "59"]


1. d4 Nf6 2. c4 c5 3. d5 e5 4. Nc3 d6 5. e4 a6 6. a4 Be7 7. f4 Bg4 8. Nf3 Nbd7
9. Be2 O-O 10. O-O h6 11. Ne1 Bxe2 12. Qxe2 exf4 13. Bxf4 Re8 14. Nd3 Bf8 15.
Qf3 b5 16. axb5 axb5 17. Rxa8 Qxa8 18. Nxb5 Rxe4 19. b3 Qb8 20. Ra1 20... Nb6 {
} 21. Nxc5 Re8 22. Na6 Qd8 23. Nac7 Re4 24. h3 g5 25. Be3 Nbd7 26. Ra8 Qe7 27.
Bf2 Ne5 28. Qc3 Re2 29. c5 Rxf2 30. cxd6 1-0

[Event "Graz op A"]
[Site "Graz"]
[Date "2001.09.03"]
[Round "3.1"]
[White "Epishin, Vladimir"]
[Black "Polak, Tomas"]
[Result "1/2-1/2"]
[WhiteElo "2583"]
[BlackElo "2481"]
[PlyCount "75"]


1. d4 Nf6 2. c4 e6 3. Nc3 Bb4 4. e3 c5 5. Nge2 cxd4 6. exd4 O-O 7. a3 Be7 8.
Nf4 d5 9. cxd5 Nxd5 10. Ncxd5 exd5 11. Bd3 Nc6 12. O-O Bg5 13. Re1 Bxf4 14.
Bxf4 Qh4 15. Be3 Be6 16. Bf1 h6 17. f3 Rfc8 18. Qd2 Qf6 19. Bf2 Ne7 20. a4 a5
21. Ra3 Nc6 22. Rc3 Nb4 23. Rec1 Bd7 24. Rxc8+ Rxc8 25. Rxc8+ Bxc8 26. Bb5 Qf5
27. Qe1 Be6 28. h4 { } 28... Nd3 29. Bxd3 Qxd3 30. Qxa5 Qb1+ 31. Qe1 Qxb2 32.
a5 Qb5 33. Be3 b6 34. axb6 Qxb6 35. Qg3 Kh7 36. Kh2 Qb1 37. Qd6 Qf5 38. Qf4
1/2-1/2

[Event "Graz op A"]
[Site "Graz"]
[Date "2001.09.03"]
[Round "3.2"]
[White "Pavasovic, Dusko"]
[Black "Konopka, Michal"]
[Result "1/2-1/2"]
[WhiteElo "2539"]
[BlackElo "2479"]
[PlyCount "62"]


1. e4 d6 2. d4 g6 3. Nc3 Bg7 4. Be3 c6 5. a4 Nd7 6. Nf3 b6 7. Be2 a6 8. O-O Bb7
9. h3 Qc7 10. Nd2 Ngf6 11. g4 O-O 12. g5 Ne8 13. f4 b5 14. axb5 axb5 15. Rxa8
Bxa8 16. Qa1 Bb7 17. b4 Qb6 18. Nb3 Nc7 19. Qe1 Na6 20. Nd1 c5 21. bxc5 dxc5
22. d5 e6 23. Bg4 { } 23... exd5 24. Bxd7 d4 25. Bf2 c4 26. Na5 Nc5 27. Nxb7
Nxd7 28. e5 Qxb7 29. Bxd4 Qd5 30. Qc3 Rd8 31. Ne3 Qe4 1/2-1/2

[Event "Graz op A"]
[Site "Graz"]
[Date "2001.09.03"]
[Round "3.3"]
[White "Rogulj, Branko"]
[Black "Zelcic, Robert"]
[Result "1/2-1/2"]
[WhiteElo "2460"]
[BlackElo "2534"]
[PlyCount "23"]


1. Nf3 c5 2. g3 g6 3. Bg2 Bg7 4. O-O Nf6 5. c4 O-O 6. Nc3 Nc6 7. d3 a6 8. a3
Rb8 9. Rb1 b5 10. cxb5 axb5 11. b4 cxb4 12. axb4 1/2-1/2

[Event "Graz op A"]
[Site "Graz"]
[Date "2001.09.03"]
[Round "3.4"]
[White "Kupreichik, Viktor D"]
[Black "Galdunts, Sergey"]
[Result "0-1"]
[WhiteElo "2443"]
[BlackElo "2514"]
[PlyCount "56"]


1. e4 d6 2. Nc3 e5 3. Bc4 Nf6 4. f4 Nxe4 5. Nxe4 d5 6. Qe2 dxc4 7. fxe5 Nc6 8.
Nf3 Be6 9. Neg5 Qd5 10. Nxe6 fxe6 11. b3 cxb3 12. axb3 Bc5 13. Bb2 O-O-O 14.
Ra4 Rhf8 15. d4 Bb4+ 16. Kd1 g5 17. h3 h5 18. Kc1 g4 19. hxg4 hxg4 20. Ng5 Rf5
21. Ne4 { } 21... Rf4 22. Nf6 Nxd4 23. Bxd4 Qxd4 24. Rd1 Qxd1+ 25. Qxd1 Rxd1+
26. Kxd1 a5 27. Ke2 g3 28. c3 b5 0-1

[Event "Graz op A"]
[Site "Graz"]
[Date "2001.09.03"]
[Round "3.5"]
[White "Farago, Ivan"]
[Black "Krivoshey, Sergei"]
[Result "1/2-1/2"]
[WhiteElo "2504"]
[BlackElo "2449"]
[PlyCount "34"]


1. d4 Nf6 2. c4 c5 3. d5 b5 4. cxb5 a6 5. e3 Bb7 6. Nc3 Qa5 7. bxa6 Nxa6 8. Bd2
Qb6 9. e4 e6 10. Nf3 exd5 11. exd5 Nxd5 12. Be2 Be7 13. O-O O-O 14. Nxd5 Bxd5
15. Bg5 Bxg5 16. Qxd5 Bf6 17. Rad1 Nb4 1/2-1/2

[Event "Graz op A"]
[Site "Graz"]
[Date "2001.09.03"]
[Round "3.7"]
[White "Wittmann, Walter"]
[Black "Burmakin, Vladimir"]
[Result "0-1"]
[WhiteElo "2352"]
[BlackElo "2593"]
[PlyCount "52"]


1. e4 d6 2. d4 Nf6 3. Nc3 c6 4. f4 Qc7 5. Nf3 Bg4 6. e5 Nfd7 7. h3 Bxf3 8. Qxf3
Qb6 9. a3 g6 10. Bd3 Bg7 11. O-O dxe5 12. fxe5 Qxd4+ 13. Be3 13... Nxe5 { } 14.
Qg3 Qd8 15. Rad1 Nbd7 16. Ne4 O-O 17. Ng5 e6 18. Be2 Qe7 19. Rd4 h6 20. Ne4 f5
21. Nd6 g5 22. Bc1 Ng6 23. Rd2 Be5 24. Qb3 Bxd6 25. Rfd1 Nc5 26. Qc4 Ne4 0-1

[Event "Graz op A"]
[Site "Graz"]
[Date "2001.09.03"]
[Round "3.8"]
[White "Niklasch, Oliver"]
[Black "Babula, Vlastimil"]
[Result "1-0"]
[WhiteElo "2349"]
[BlackElo "2566"]
[PlyCount "65"]


1. d4 b6 2. c4 Ba6 3. e4 e6 4. Nc3 Bb4 5. Bd2 Ne7 6. Nf3 O-O 7. Bd3 c5 8. a3
Bxc3 9. Bxc3 Ng6 10. Qa4 Nf4 11. O-O-O cxd4 12. Nxd4 Bb7 13. Rhe1 Na6 14. Bf1
Qg5 15. Kb1 Qg6 16. f3 Nc5 17. Qc2 a5 18. Qd2 Nh5 19. g4 Nf6 20. h4 Nfxe4 21.
fxe4 Nxe4 22. Qc2 Nxc3+ 23. bxc3 Qxg4 24. Qf2 Rac8 25. Bd3 d5 26. Rg1 26... Qh5
{ } 27. Rxg7+ Kxg7 28. Rg1+ Qg6 29. Bxg6 hxg6 30. h5 dxc4 31. Nxe6+ fxe6 32.
Rxg6+ Kh7 33. Qe3 1-0

[Event "Graz op A"]
[Site "Graz"]
[Date "2001.09.03"]
[Round "3.10"]
[White "Zimmermann, Paul"]
[Black "Teske, Henrik"]
[Result "0-1"]
[WhiteElo "2241"]
[BlackElo "2486"]
[PlyCount "44"]


1. d4 Nf6 2. Nf3 c5 3. d5 b5 4. c4 g6 5. Qc2 Na6 6. a3 bxc4 7. e4 Bg7 8. Bxc4
O-O 9. O-O d6 10. Nc3 Rb8 11. e5 Ng4 12. e6 fxe6 13. Ng5 e5 14. Bxa6 Bxa6 15.
Ne6 Qb6 16. Nxf8 Rxf8 17. Qd1 Bxf1 18. Qxg4 Bd3 19. h4 c4 20. Qg3 e4 21. h5 Be5
22. Qh4 { } 22... Rxf2 0-1

[Event "Graz op A"]
[Site "Graz"]
[Date "2001.09.03"]
[Round "3.11"]
[White "Wegerer, Fred"]
[Black "Tratar, Marko"]
[Result "0-1"]
[WhiteElo "2230"]
[BlackElo "2416"]
[PlyCount "104"]


1. Nf3 c5 2. e3 g6 3. d4 Bg7 4. Bd3 Nf6 5. O-O O-O 6. Nbd2 d5 7. c3 Nbd7 8. b4
c4 9. Bc2 Qc7 10. a4 b6 11. Ng5 h6 12. Nh3 e5 13. f4 e4 14. Kh1 Re8 15. Nf2 h5
16. h3 h4 17. Rg1 Nh5 18. Nf1 Ng3+ 19. Nxg3 hxg3 20. Ng4 Qd8 21. Qe1 Qh4 22.
Nh2 Nf6 23. Bd1 Bf8 24. Nf1 24... Bxh3 { } 25. Qxg3 Qxg3 26. Nxg3 Bg4 27. Ne2
Kg7 28. Re1 Bd6 29. Kg1 Rh8 30. b5 a6 31. Rb1 axb5 32. Rxb5 Bc7 33. Ba3 Bd7 34.
Rb2 Bxa4 35. Bxa4 Rxa4 36. Be7 Ng4 37. Ng3 Rha8 38. Nf1 Ra1 39. Rbe2 f6 40. Nh2
Rxe1+ 41. Rxe1 Nh6 42. g4 Ng8 43. Bb4 Ra2 44. Rb1 g5 45. Bc5 gxf4 46. Bxb6 Bxb6
47. Rxb6 fxe3 48. Rb1 Nh6 49. Re1 Rc2 50. Nf1 Nxg4 51. Nxe3 Nxe3 52. Rxe3 f5
0-1

[Event "Graz op A"]
[Site "Graz"]
[Date "2001.09.03"]
[Round "3.12"]
[White "Bogdanov, Valentin"]
[Black "Schein, Karl-Heinz"]
[Result "1-0"]
[WhiteElo "2384"]
[BlackElo "2240"]
[PlyCount "75"]


1. d4 Nf6 2. Nf3 g6 3. c4 Bg7 4. Nc3 d6 5. e4 O-O 6. h3 e5 7. d5 a5 8. Bg5 h6
9. Be3 Na6 10. Be2 Nc5 11. Nd2 Nh7 12. g4 f5 13. gxf5 gxf5 14. Qc2 f4 15. Bxc5
dxc5 16. O-O-O Ng5 17. Bg4 Bxg4 18. hxg4 f3 19. Nf1 Rf4 20. Ne3 Nf7 21. Kb1 Bf6
22. Rdg1 Bg5 23. Nf5 Qf8 24. Nd1 Nd6 25. Nxd6 cxd6 26. Ne3 Rf7 27. Nf5 a4 28.
Rg3 b5 29. cxb5 Rh7 30. Rxf3 Qb8 31. Qe2 Ra5 32. Rfh3 32... Rxb5 { } 33. Nxh6+
Bxh6 34. Rxh6 Rxh6 35. Rxh6 a3 36. b3 Rb7 37. Qe3 c4 38. Qh3 1-0

[Event "Graz op A"]
[Site "Graz"]
[Date "2001.09.03"]
[Round "3.13"]
[White "Okhotnik, Vladimir"]
[Black "Aschenbrenner, Robert"]
[Result "1-0"]
[WhiteElo "2446"]
[BlackElo "2221"]
[PlyCount "79"]


1. d4 e6 2. Nf3 Nf6 3. Bg5 Be7 4. Nbd2 d5 5. e3 Nbd7 6. Bd3 b6 7. c3 Bb7 8. Qc2
c5 9. O-O a6 10. Rfe1 Rc8 11. Rad1 h6 12. Bxf6 gxf6 13. dxc5 Nxc5 14. Nd4 Nxd3
15. Qxd3 f5 16. f4 b5 17. a3 Qb6 18. Qe2 h5 19. N2f3 f6 20. Nh4 Kf7 21. Rf1
Rcg8 22. h3 a5 23. Rc1 b4 24. cxb4 axb4 25. axb4 Bxb4 26. Ra1 Bc5 27. Kh1 Rb8
28. Rfc1 Bc8 29. b4 Bxd4 30. exd4 Bd7 31. Ra6 Qb7 32. Rc5 Rbc8 33. b5 Qb8 34.
g3 Qb7 35. Kh2 Qb8 36. b6 Rxc5 37. dxc5 e5 38. Ra7 Ke6 39. Ng6 Rh6 { } 40. Qb5
1-0

[Event "Graz op A"]
[Site "Graz"]
[Date "2001.09.03"]
[Round "3.14"]
[White "Zoister, Stefan"]
[Black "Sulyok, Michael"]
[Result "1/2-1/2"]
[WhiteElo "2147"]
[BlackElo "2278"]
[PlyCount "60"]


1. e4 g6 2. d4 Bg7 3. Nf3 d6 4. Nc3 Nf6 5. Be2 O-O 6. O-O c6 7. a4 Qc7 8. h3
Nbd7 9. Be3 b6 10. Qd2 Bb7 11. Bh6 a6 12. Bxg7 Kxg7 13. Rfe1 e5 14. Rad1 Rfd8
15. Qg5 h6 16. Qe3 b5 17. Nd2 exd4 18. Qxd4 c5 19. Qe3 b4 20. Ncb1 20... Re8 { 
} 21. Qg3 Rad8 22. Bd3 Ne5 23. b3 Re7 24. f4 Nc6 25. Nf3 Nd4 26. Nxd4 cxd4 27.
Nd2 Rde8 28. Qf2 Qc5 29. Nf3 Nxe4 30. Qxd4+ Qxd4+ 1/2-1/2